|
|
|
|
| LEADER |
01139cam a2200277 7i4500 |
| 001 |
0000154150 |
| 005 |
20241007090000.0 |
| 008 |
230926t20092009my # ### #00001eng## |
| 020 |
# |
# |
|a 9789839941746
|
| 040 |
# |
# |
|a UMT
|b eng
|c UMT
|d Loc
|e rda
|
| 090 |
0 |
0 |
|a DS 597.215 .N35
|b P3 2009
|
| 100 |
0 |
# |
|a Paridah Abd. Samad
|e author
|
| 245 |
1 |
0 |
|a Datuk Seri Najib :
|b Malaysia's first political blue blood : a long political journey, from the golden boy of Malaysian politics to Malaysia's sixth prime minister : a political analysis
|c Paridah Abd. Samad.
|
| 264 |
# |
4 |
|c ♭2009
|
| 264 |
# |
1 |
|a Kuala Lumpur, Malaysia:
|b Partisan Publication & Distribution,
|c [2009]
|
| 300 |
# |
# |
|a xxiii, 380 pages;
|c 25 cm
|
| 336 |
# |
# |
|a text --
|2 rdacontent
|
| 337 |
# |
# |
|a unmediated --
|2 rdamedia
|
| 338 |
# |
# |
|a volume --
|2 rdacarrier
|
| 504 |
# |
# |
|a Includes bibliographical references
|
| 590 |
# |
# |
|a Perpustakaan Sultanah Nur Zahirah
|
| 600 |
0 |
0 |
|a Najib Tun Razak,
|c Datuk
|
| 650 |
# |
0 |
|a Prime ministers --
|z Malaysia
|
| 650 |
# |
0 |
|a Politicians --
|z Malaysia
|
| 651 |
# |
0 |
|a Malaysia --
|x Politics and government
|
| 999 |
|
|
|a 1100115020
|b Book
|c Open Shelf
|e KOLEKSI TERBUKA
|